Experiential learning in engineering education /

"Experiential learning is an evolving form of education that fundamentally involves "learning by doing" and having the students reflect on the work. The book discusses these recent developments pertaining to the use of experiential learning in engineering education. A broad readership...

Full description

Bibliographic Details
Main Author: Steele, Alan L. (Author)
Corporate Author: Taylor & Francis
Format: eBook
Language:English
Published: Boca Raton, FL : CRC Press, 2023.
Edition:First edition.
Subjects:
Online Access:Connect to the full text of this electronic book

MARC

Tag First Indicator Second Indicator Subfields
LEADER 00000cam a2200000 i 4500
001 in00005523621
006 m o d
007 cr cnu---unuuu
008 230419s2023 flu ob 001 0 eng d
005 20241108165809.6
035 |a (OCoLC)on1376457291 
040 |a TYFRS  |b eng  |e rda  |e pn  |c TYFRS  |d TYFRS  |d UKAHL  |d TYFRS  |d YDX  |d UKMGB  |d N$T  |d OCLCO 
015 |a GBC341131  |2 bnb 
016 7 |a 020967157  |2 Uk 
019 |a 1376233539  |a 1391228774 
020 |a 9781003007159  |q (electronic bk.) 
020 |a 1003007155  |q (electronic bk.) 
020 |a 9781000868029  |q (electronic bk. : PDF) 
020 |a 1000868028  |q (electronic bk. : PDF) 
020 |a 9781000868036  |q (electronic bk. : EPUB) 
020 |a 1000868036  |q (electronic bk. : EPUB) 
020 |z 9780367439620 
020 |z 036743962X 
020 |z 9781032466910 
020 |z 103246691X 
024 7 |a 10.1201/9781003007159  |2 doi 
035 |a (OCoLC)1376457291  |z (OCoLC)1376233539  |z (OCoLC)1391228774 
037 |a 9781003007159  |b Taylor & Francis 
050 4 |a T167 
072 7 |a BUS  |x 079000  |2 bisacsh 
072 7 |a TEC  |x 009000  |2 bisacsh 
072 7 |a TEC  |x 009070  |2 bisacsh 
072 7 |a TBC  |2 bicssc 
082 0 4 |a 607.1/1  |2 23/eng/20230502 
049 |a TXAM 
100 1 |a Steele, Alan L.,  |e author. 
245 1 0 |a Experiential learning in engineering education /  |c Alan L. Steele. 
250 |a First edition. 
264 1 |a Boca Raton, FL :  |b CRC Press,  |c 2023. 
300 |a 1 online resource :  |b illustrations. 
336 |a text  |b txt  |2 rdacontent 
337 |a computer  |b c  |2 rdamedia 
338 |a online resource  |b cr  |2 rdacarrier 
504 |a Includes bibliographical references and index. 
520 |a "Experiential learning is an evolving form of education that fundamentally involves "learning by doing" and having the students reflect on the work. The book discusses these recent developments pertaining to the use of experiential learning in engineering education. A broad readership will find value in this book, including faculty who teach undergraduate engineering courses, engineering education researchers, industry partners that provide co-op experience, and developers of training modules for practicing engineers. The book covers a range of innovations in experiential learning: development in laboratories, in-class and problem-based learning, and project work"--  |c Provided by publisher. 
545 0 |a Alan L Steele is the Director for the Discovery Centre for Undergraduate Research and Engagement at Carleton University. He earned his PhD in Physics at the University of Salford in 1993. He is also a founding member of the Canadian Engineering Education Association. His research is centered around general engineering education, learning spaces, nonlinear optical fibre, optical switching, and microcontroller systems for biomedical and unmanned airborne system. 
588 0 |a Print version record. 
650 0 |a Engineering  |x Study and teaching (Higher) 
650 0 |a Experiential learning. 
650 0 |a Problem-based learning. 
650 6 |a Apprentissage expérientiel. 
650 6 |a Apprentissage par problèmes. 
650 7 |a BUSINESS & ECONOMICS / Government & Business  |2 bisacsh 
650 7 |a TECHNOLOGY / Engineering / General  |2 bisacsh 
650 7 |a TECHNOLOGY / Engineering / Mechanical  |2 bisacsh 
650 7 |a Engineering  |x Study and teaching (Higher)  |2 fast 
650 7 |a Experiential learning  |2 fast 
650 7 |a Problem-based learning  |2 fast 
655 7 |a Electronic books.  |2 local 
710 2 |a Taylor & Francis. 
776 0 8 |i Print version:  |a Steele, Alan L.  |t Experiential learning in engineering education.  |b First edition.  |d Boca Raton, FL : CRC Press, 2023  |z 9780367439620  |w (DLC) 2022051029  |w (OCoLC)1348922815 
856 4 0 |u http://proxy.library.tamu.edu/login?url=https://www.taylorfrancis.com/books/9781003007159  |z Connect to the full text of this electronic book  |t 0 
955 |a Taylor and Francis ENGnetBASE 
994 |a 92  |b TXA 
999 f f |s 3021973d-1d2b-4ee1-9bad-3999e90979dd  |i 20ce28a1-16a4-43de-aa8c-c9ede8b4f148  |t 0 
952 f f |a Texas A&M University  |b College Station  |c Electronic Resources  |d Available Online  |t 0  |e T167   |h Library of Congress classification 
998 f f |a T167   |t 0  |l Available Online